000 00839nam a2200241Ia 4500
003 OSt
005 20220923215535.0
006 a|||||r|||| 00| 0
007 ta
008 220922b |||||||| |||| 00| 0 hin d
024 _a179,610
037 _cTextual
040 _aARTS
_cARTS
_bhin
041 _2hin
_ahin
082 _aO152,1J32x, H9
100 _aतुलसीदास
_9156277
245 0 _aग्रन्थावली, संपा - माताप्रसाद गुप्त
246 _aGranthāvalī, sanpā0 - mātāprasād gupta
260 _aदिल्ली
_b हिन्दुस्तानी एकेडमी
_c1949
650 _aहिन्दी साहित्य
_9156264
942 _hO152,1J32x, H9
_cTEXL
_2CC
999 _c332991
_d332991